Exploiting software / How to break code /

Salvato in:
Dettagli Bibliografici
Autori principali: HOGLUND Greg (Autore), McGRAW Gary (Autore)
Natura: Libro
Lingua:inglese
Pubblicazione: USA, Boston, Addison-Wesley ; Apríl 2004
Edizione:3. vydanie
Soggetti:
Tags: Aggiungi Tag
Nessun Tag, puoi essere il primo ad aggiungerne!!

MARC

LEADER 00000nam a22000003a 4500
001 0112798
003 SK-STU
005 20241205135400.6
007 ta
008 241205s ----xo-----e------000-0-----d
020 |a 0-201-78695-8 
040 |a STU  |b slo 
041 0 |a eng 
044 |a xxu 
100 1 |a HOGLUND Greg ;  |4 aut 
245 1 0 |a Exploiting software /  |b How to break code /  |c aut. HOGLUND Greg, McGRAW Gary 
250 |a 3. vydanie 
260 |a USA, Boston,  |b Addison-Wesley ;  |c Apríl 2004 
300 |a 471 s. ;  |b mäkká väzba 
650 0 7 |a informačná bezpečnosť 
650 0 7 |a bezpečnosť softvéru 
700 1 |a McGRAW Gary  |4 aut 
996 |b 284IK06979  |c I* 6B5548  |l I  |s A  |a 24  |w 0112798_0001